000 00792pam a2200277 a 4500
001 36854
003 BD-RjUL
005 20211209052542.0
008 860912s1987 caua b 001 0 eng
020 _a053406924X
035 _a(BD-RjUL)
040 _aDLC
_cDLC
_dDLC
_beng
041 _aeng
082 0 0 _a574
_219
100 1 _aStarr, Cecie.
_9112425
245 1 0 _aBiology :
_bthe unity and diversity of life /
_cCecie Starr, Ralph Taggart.
250 _a4th ed.
260 _aBelmont, Calif. :
_bWadsworth Pub. Co.,
_cc1987.
300 _axix, 776 p. :
_bill. (some col.) ;
_c29 cm.
504 _aIncludes bibliographies and index.
650 0 _aBiology.
_9112426
700 1 _aTaggart, Ralph.
_9112427
942 _2ddc
_cBK
999 _c36854
_d36854